Представление документа в формате MARC21

ПолеНазваниеЗначение
  Тип записи a
  Библиографический уровень m
001 Контрольный номер RU\infra-m\znanium\bibl\2223177
005 Дата корректировки 20260429142241.2
008 Кодируемые данные 250909s2025 RU g rus u
020 Индекс ISBN __
a ISBN 978-5-16-021383-5
020 Индекс ISBN __
a ISBN 978-5-16-114064-2 (электр. издание)
040 Источник каталогиз. __
a Служба первич. каталог. Общество с ограниченной ответственностью «ЗНАНИУМ»
041 Код языка издания __
a Код языка текста rus
044 Код страны публикации __
a Код страны публикации RU
080 Индекс УДК __
a Индекс УДК 159.9:37.01(075.8)
084 Индекс другой классификации/Индекс ББК __
2 Источник индекса rubbk
a Индекс другой классификации/Индекс ББК 88.8я73
084 Индекс другой классификации/Индекс ББК __
2 Источник индекса okso
a Индекс другой классификации/Индекс ББК 37.03.01
084 Индекс другой классификации/Индекс ББК __
2 Источник индекса okso
a Индекс другой классификации/Индекс ББК 44.03.01
084 Индекс другой классификации/Индекс ББК __
2 Источник индекса okso
a Индекс другой классификации/Индекс ББК 44.03.02
084 Индекс другой классификации/Индекс ББК __
2 Источник индекса okso
a Индекс другой классификации/Индекс ББК 44.03.05
084 Индекс другой классификации/Индекс ББК __
2 Источник индекса okso
a Индекс другой классификации/Индекс ББК 48.03.01
084 Индекс другой классификации/Индекс ББК __
2 Источник индекса okso
a Индекс другой классификации/Индекс ББК 48.04.01
100 Автор __
a Автор Кондратьев С.В.
q Полное имя Кондратьев Сергей Владимирович
u Дополнение Московский государственный университет технологий и управления им. К.Г. Разумовского
245 Заглавие __
a Заглавие Основы православной педагогической психологии
b Продолж. заглавия Учебное пособие
c Ответственность Московский государственный университет технологий и управления им. К.Г. Разумовского
250 Сведения об издании __
g испр. и доп.
a Основные сведения об издании 2
260 Выходные данные __
a Место издания Москва
b Издательство ООО "Научно-издательский центр ИНФРА-М"
c Дата издания 2026
300 Физическое описание __
a Объем 210 с.
440 Серия __
a Серия Высшее образование
520 Аннотация __
a Аннотация В учебном пособии определена методологическая основа православной педагогической психологии формулируется предмет задачи и основные категории православной психологии; с позиции метафизического и эмпирического уровня объяснения представлена теория личности как системообразующей категории психологии воспитания; предложена концепция интеллекта как системообразующая категория психологии обучения. В контексте православной психологической парадигмы раскрываются общепсихологические и социально-психологические основы обучения даны основные стратегии развивающего обучения концепция личностно-развивающего воспитания. Особое внимание уделено организации персонифицированного обучения как способа духовно-нравственного и интеллектуального развития личности учащегося на основе христианского мировоззрения и психологическим методикам изучения духовно-нравственного развития личности учащегося. Предназначено для студентов казачьих факультетов педагогов казачьих корпусов и классов может быть использовано в системе повышения квалификации специалистов казачьих образовательных заведений. Представляет интерес для семинаристов студентов аспирантов православных учебных заведений слушателей Высших Богословских курсов факультетов повышения квалификации и переподготовки.
521 Примеч. о цел. назн. __
a Примеч. о целев. назн. ВО - Бакалавриат
650 Тематические рубрики __
a Основная рубрика Педагогика. Образование
x Основная подрубрика Педагогическая психология
655 Указ. предметных рубрик (устаревшее) __
a Жанр/ форма (устаревшее) Учебное пособие
700 Другие авторы __
a Другие авторы Кондратьева О.В.
q Полное имя Кондратьева Ольга Викторовна
u Дополнение Московский государственный университет технологий и управления им. К.Г. Разумовского
700 Другие авторы __
a Другие авторы Шишов С.Е.
q Полное имя Шишов Сергей Евгеньевич
u Дополнение Московский государственный университет технологий и управления им. К.Г. Разумовского
856 Электронный адрес документа 4_
a Имя сервера/домена znanium.ru
m Помощь ebs_support@infra-m.ru
n Местонахождение сервера НИЦ ИНФРА-М
u URL https://znanium.ru/catalog/document?id=468995
856 Электронный адрес документа 48
a Имя сервера/домена znanium.ru
d Путь /cover/2223
f Электронное имя 2223177.jpg
q Тип электронного формата image/jpeg
u URL https://znanium.ru/cover/2223/2223177.jpg
911 __
u 0030=https://znanium.ru/catalog/document?id=468995